00334nam a2200121 a 450000500170000000800410001702000180005805000240007624500240010026000460012430000090017065000330017920140412111424.0081008s19uu xx 00 eng d a1-59394-690-2 aTR(GS 372bREA 2005 aReading enrichment. aAshland Ohio :bBendon Publishing,c2005. a32p. aReading- grammarxvocabulary